| 000 | 00514nam a22001817a 4500 | ||
|---|---|---|---|
| 999 |
_c61780 _d61780 |
||
| 005 | 20240502113215.0 | ||
| 008 | 240502s2002 enk||||| |||| 00| 0 eng d | ||
| 020 | _a9780632047581x | ||
| 041 | _aeng | ||
| 080 | _a615.849 P-32 | ||
| 100 |
_aPatel, Pradip R. _922039 |
||
| 245 |
_aLecture Notes on Radiology / _cPradip R. Patel. |
||
| 264 |
_aLondon : _bBlackwel, _c2002. |
||
| 300 |
_a272 p. _bill.; _c23 sm. |
||
| 653 | _aრადიოლოგია | ||
| 653 | _aმედიცინა | ||
| 942 |
_2udc _cBK |
||